Sports Quiz

Random Sports or Soccer Quiz
Score 0/64 Timer 10:00
0 Plays Today
% Correct
United States of America
97.5%
Brazil
97.2%
Russia
96%
Australia
95.4%
England
95.3%
Spain
94.8%
Argentina
94.4%
France
94.1%
Italy
93%
Portugal
92.7%
Germany
92.5%
Chile
91.3%
Japan
88.7%
Mexico
88.5%
South Korea
85.5%
Netherlands
85.2%
Colombia
84.4%
Uruguay
84.3%
Greece
84.1%
Belgium
84.1%
Iran
83.5%
Algeria
82.7%
Costa Rica
82.3%
Nigeria
82.2%
Côte d’Ivoire
81.2%
Ghana
80.9%
Washington, DC
78.6%
London
76.8%
Honduras
76.1%
Paris
75.6%
Switzerland
75%
Moscow
75%
% Correct
Madrid
74.7%
Rome
74.5%
Berlin
72.4%
Ecuador
72%
Cameroon
71.8%
Croatia
71.4%
Lisbon
70.2%
Tokyo
69.8%
Mexico City
68.9%
Brasília
67.8%
Athens
66.3%
Amsterdam
66.3%
Seoul
63.8%
Buenos Aires
63.8%
Brussels
63.4%
Canberra
62.9%
Bosnia and Herzegovina
56.6%
Santiago
56.3%
Bern
54.8%
Tehran
51.5%
Bogotá
50%
Montevideo
49.3%
Algiers
48.3%
Zagreb
44.7%
Quito
42%
San José
36.3%
Sarajevo
35.9%
Accra
31.9%
Tegucigalpa
27.5%
Abuja
26.3%
Yaoundé
21.1%
Yamoussoukro
16.6%
Remove Ads.
Support Sporcle.
Get the best of Sporcle when you Go Orange. This ad-free experience offers more features, more stats, and more fun while also helping to support Sporcle. Thank you for becoming a member.

You're not logged in!

Compare scores with friends on all Sporcle quizzes.
OR
Log In

Show Comments

Extras

Top Quizzes Today


Score Distribution

Your Account Isn't Verified!

In order to create a playlist on Sporcle, you need to verify the email address you used during registration. Go to your Sporcle Settings to finish the process.

Report this User

Report this user for behavior that violates our Community Guidelines.

Details: